Games People Play: Alan Parsons Project Lyrics - Statistics

General Stats
  • This quiz has been taken 12 times
  • The average score is 143 of 159
Answer Stats
lyrics % Correct
a
100%
damn?
100%
do
100%
don't
100%
from
100%
gives
100%
go
100%
here
100%
I
100%
no
100%
nobody
100%
now
100%
of
100%
rest
100%
spend
100%
stay.
100%
that
100%
the
100%
us
100%
wanna
100%
we
100%
Where
100%
all
89%
And
89%
and
89%
believe
89%
children
89%
Games
89%
how
89%
in
89%
it
89%
it?
89%
leave
89%
life
89%
live
89%
middle
89%
moon
89%
my
89%
night.
89%
one
89%
or
89%
our
89%
people
89%
play
89%
right.
89%
right
89%
take
89%
time
89%
to
89%
up?
89%
you
89%
Ain't
78%
away.
78%
fading
78%
gonna
78%
grown
78%
hand?
78%
have
78%
if
78%
If
78%
just
78%
knowing
78%
lend
78%
lives
78%
make
78%
promised
78%
quietly
78%
say
78%
stars
78%
there's
78%
they
78%
things
78%
would
78%
more
67%
truth
56%
I'm
44%
telling
44%
bright.
33%
honor
33%
No matching quizzes found
Score Distribution
Percent of People with Each Score
Percentile by Number Answered
Your Score History
You have not taken this quiz